Central Library OPAC University of Rajshahi

Die Gattungen der Rhodophyceen. (Record no. 68065)

MARC details
000 -LEADER
fixed length control field 00848nam a2200253 a 4500
001 - CONTROL NUMBER
control field 68065
003 - CONTROL NUMBER IDENTIFIER
rucl marc code BD-RjUL
005 - DATE AND TIME OF LATEST TRANSACTION
control field 20211209081728.0
008 - FIXED-LENGTH DATA ELEMENTS--GENERAL INFORMATION
fixed length control field 850701s1956 sw ac b 000 0 ger
035 ## - SYSTEM CONTROL NUMBER
System control number (BD-RjUL)68274
040 ## - CATALOGING SOURCE
Original cataloging agency DLC/ICU
Transcribing agency ICU
Modifying agency DLC
Language of cataloging eng
041 ## - LANGUAGE CODE
Language code of text/sound track or separate title eng
082 ## - DEWEY DECIMAL CLASSIFICATION NUMBER
Edition number 23
Classification number 589.41
Author mark and year KYD 1956
100 1# - MAIN ENTRY--PERSONAL NAME
Personal name Kylin, Harald,
Dates associated with a name 1879-1949.
9 (RLIN) 201771
245 14 - TITLE STATEMENT
Title Die Gattungen der Rhodophyceen.
Statement of responsibility, etc. Harald Kylin /
260 ## - PUBLICATION, DISTRIBUTION, ETC. (IMPRINT)
Place of publication, distribution, etc. Lund,
Name of publisher, distributor, etc. C.W.K. Gleerup
Date of publication, distribution, etc. 1956
300 ## - PHYSICAL DESCRIPTION
Pagination xv, 673 p. :
Illustrations ill. ;
Size 25 cm.
500 ## - GENERAL NOTE
General note "Das vorliegende Werk ... wurde ursprünglich für die 2. Auflage von Engler-Prantl, 'Die natürlichen Pflanzenfamilien' ... geschrieben."
504 ## - BIBLIOGRAPHY, ETC. NOTE
Bibliography, etc Bibliography: p. [593]-641.
650 #0 - SUBJECT ADDED ENTRY--TOPICAL TERM
Topical term or geographic name as entry element Red algae.
9 (RLIN) 201772
942 ## - ADDED ENTRY ELEMENTS (KOHA)
Source of classification or shelving scheme Dewey Decimal Classification
Koha item type Books
Holdings
Lost status Source of classification or shelving scheme Damaged status Not for loan Collection code Permanent Location Current Location Shelving location Date acquired Source of acquisition Cost, normal purchase price Total Checkouts Full call number Date last seen Copy number Koha item type
  Dewey Decimal Classification   Not For Loan Non-fiction Central Library, University of Rajshahi Central Library, University of Rajshahi Reading Room 13/05/1956 Euro pakistan 184.63   589.41 KYD 1956 30/03/2017 C-1 Books